Sanat "Monaco" - Arttu Wiskari - Statistics

Yleistilastot
  • Tätä visaa on pelattu 64 kertaa
    63 viimeisimmän päivityksen jälkeen
  • Keskiarvotulos 104 / 186
Vastaustilastot
Vastaus % Oikein
93%
93%
et
89%
iskä
89%
kaasua
89%
nosta
89%
ja
87%
jo
87%
katsomosta
87%
saatana
87%
85%
Monacosta
80%
sua
80%
unelmoi
78%
seuraa
76%
Kun
74%
faijan
70%
kartingille
70%
myi
70%
on
70%
polkimille
70%
jalat
67%
jäljet
67%
pojan
67%
Räikkösenkin
67%
sielunsa
67%
elää
63%
jossa
63%
voisi
63%
ylsi
63%
auringosta
59%
unelman
59%
vielä
59%
kautta
57%
laskevasta
57%
oman
57%
toteutumattoman
57%
kannelle
54%
vain
54%
mi
52%
jahtimme
50%
kesä
50%
olla
50%
piti
50%
ajan
48%
lapsen
48%
varastolla
48%
yksi
48%
Keskon
46%
täällä
46%
trukkii
46%
mammonaa
43%
formuloisi
41%
Marlborosta
41%
amore
39%
italiaa
39%
nähtävissä
39%
Daisyn
37%
illalla
37%
kauniisti
37%
mestarin
37%
oltava
37%
poika
37%
sitkee
37%
sanon
35%
treenaan
35%
itkee
33%
kanssa
33%
kuin
33%
maailmanmestaruus
33%
mullekin
33%
mut
33%
radalla
30%
veisin
30%
elän
26%
unelmaani
26%
Monacon
24%
mun
24%
myös
24%
noteeraisi
24%
seiska
24%
Väsymystään
24%
flavio
22%
grandpriin
22%
tosta
22%
Työpaikan
22%
varikolle
22%
joku
20%
päivä
20%
kilpailua
17%
myötä
17%
päästä
17%
pukukaapin
17%
salakuvien
17%
vuosien
17%
kuvatessa
15%
lohkeaisi
15%
nauran
15%
onneks
15%
poikani
15%
romanttisten
15%
summaa
15%
turnauksessa
15%
videolla
15%
Briatore
13%
joka
13%
tiistai
13%
Bembölen
11%
nuhkean
9%
radan
9%
Ehtoja vastaavia visoja ei löytynyt
Tulosjakauma
Jokaisen tuloksen saaneiden osuus
Persentiili vastausten määrän mukaan
Tuloshistoriasi
Et ole pelannut tätä visaa sen viimeisimmän päivityksen jälkeen